Países que comem menos carne - Statistics

Estatísticas Gerais
  • Esse quiz foi jogado 75 vezes
  • A pontuação média é 8 de 20
Estatísticas das Respostas
Kg País % Correto
12,4 Índia
87%
19,6 Paquistão
54%
7,2 Etiópia
52%
11,1 Iraque
52%
17,6 Nepal
52%
7,9 Niger
51%
6,2 R. D. Congo
49%
9,3 Afeganistão
46%
12,8 Nigéria
43%
19,9 Iêmen
41%
5,5 Burundi
40%
15,0 Síria
38%
12,3 Quênia
37%
11,2 Ruanda
33%
16,7 Tanzânia
32%
14,8 Mali
30%
16,4 Djibuti
29%
9,3 Madagascar
25%
16,1 Guiné-Bissau
24%
10,7 Lesoto
21%
Nenhum quiz correspondente encontrado
Distribuição das Pontuações
Porcentagem de Pessoas com Cada Pontuação
Percentil de Números Respondidos
Sua Pontuação Histórica
Você não jogou esse quiz